[Event "It (open)"]
[Site "Soro (Denmark)"]
[Round "0"]
[White "Hansen Lars (DEN)"]
[Black "Light Bjarne (DEN)"]
[Result "0-1"]
[WhiteElo "2245"]
[BlackElo "2278"]

1.d4 Nf6 2.c4 g6 3.Nc3 Bg7 4.e4 d6 5.Nf3 O-O 6.Be2 e5 7.d5 Nbd7 8.O-O Nc5
9.Qc2 a5 10.Bg5 h6 11.Be3 Nfd7 12.Nd2 b6 13.b3 f5 14.a3 f4 15.Bxc5 bxc5 16.f3
Nf6 17.Na2 Bd7 18.Rab1 g5 19.b4 cxb4 20.axb4 g4 21.fxg4 Bxg4 22.Bf3 Qe8
23.bxa5 Qg6 24.Kh1 Rxa5 25.Nb4 Rf7 26.Nc6 Ra8 27.Ra1 Re8 28.Qd1 Bf8 29.Qe2 Rg7
30.Rad1 h5 31.Qf2 h4 32.Qe2 Ra8 33.Ra1 Rxa1 34.Rxa1 h3 35.Rg1 Qh5 36.gxh3 Qxh3
37.Qg2 Qh4 38.Na7 Bxf3 39.Nxf3 Qh7 40.Qe2 Qxe4 41.Qxe4 Nxe4 42.Rxg7+ Kxg7
43.Nb5 Kg6 44.Nxc7 Nc5 45.Kg2 Kf5 46.Ne6 Nxe6 47.dxe6 e4 48.Nd2 Be7 49.h3 Bh4
50.Kf1 Ke5 51.Kg1 Kd4 52.Kg2 Kd3 53.Nf1 Kxc4 54.Nd2+ Kd3 55.Nf1 d5 56.Kg1 Ke2
{#R} 0-1

[Event "Ch Great Britain"]
[Site "Torquay (England)"]
[Round "9"]
[White "Ravikumar Vaidyanathan (IND)"]
[Black "Lewis Alex (ENG)"]
[Result "1-0"]
[WhiteElo "2395"]
[BlackElo "2175"]

1.d4 Nf6 2.Nf3 g6 3.c4 Bg7 4.Nc3 O-O 5.e4 d6 6.Be2 Nbd7 7.O-O e5 8.d5 Nc5
9.Qc2 a5 10.Bg5 h6 11.Be3 b6 12.Nd2 Ng4 13.Bxg4 Bxg4 14.a3 Bd7 15.b4 Nxe4
16.Ndxe4 f5 17.bxa5 Rxa5 18.Nd2 f4 19.Nb3 Bf5 20.Ne4 Ra8 21.Bc1 Qh4 22.f3 g5
23.a4 g4 24.a5 bxa5 25.Rxa5 Rae8 26.c5 Rf7 27.cxd6 Bf8 28.Qf2 Qh5 29.dxc7 Qg6
30.Nbd2 Rxc7 31.Ba3 Rc2 32.Bxf8 Rxf8 33.Rc5 Bxe4 34.fxe4 Rb2 35.Rfc1 g3
36.hxg3 Qg4 37.Qf3 Qg5 38.Nf1 fxg3 39.Rc8 {#r} 1-0

[Event "Ch DDR"]
[Site "DDR"]
[Round "0"]
[White "Jaster Robert Dr (GER)"]
[Black "Knaak Rainer (GER)"]
[Result "0-1"]
[WhiteElo "2326"]
[BlackElo "2490"]

1.c4 e5 2.Nc3 d6 3.Nf3 g6 4.d4 Nd7 5.e4 Bg7 6.Be2 Ngf6 7.O-O O-O 8.d5 Nc5
9.Qc2 a5 10.Bg5 h6 11.Be3 Nh5 12.g3 Bh3 13.Rfe1 Qd7 14.Nd2 Nf6 15.f3 Nh7 16.b3
f5 17.exf5 gxf5 18.f4 exf4 19.Bxf4 Bd4+ 20.Kh1 Qg7 21.Rac1 Rae8 22.Nf3 Bf2
23.Qd2 Ne4 24.Nxe4 fxe4 25.Ng1 e3 26.Qxa5 Bf5 27.Bf3 Ng5 28.Bxg5 hxg5 29.Re2
g4 30.Bg2 Qh7 {#R} 0-1

[Event "?"]
[Site "URS"]
[Round "0"]
[White "Jussupow Artur (GER)"]
[Black "Rashkovsky Nukhim N (RUS)"]
[Result "0-1"]
[WhiteElo "2555"]
[BlackElo "2495"]

1.d4 Nf6 2.Nf3 g6 3.c4 Bg7 4.Nc3 d6 5.e4 O-O 6.Be2 Nbd7 7.O-O e5 8.d5 Nc5
9.Qc2 a5 10.Bg5 h6 11.Be3 b6 12.Nd2 Nh5 13.Bxh5 gxh5 14.a3 f5 15.f3 f4 16.Bf2
Qg5 17.Kh1 Rf6 18.Rg1 Rg6 19.Nb5 Na6 20.Qc3 Qe7 21.b4 Bf6 22.bxa5 Nc5 23.axb6
cxb6 24.Nb3 Kh8 25.a4 Bd7 26.Nxc5 bxc5 27.a5 Bc8 28.Rab1 Ba6 29.Qe1 Qd7 30.g3
fxg3 31.Rxg3 Bg5 32.Be3 h4 33.Rg4 Qf7 34.Qe2 Bc8 35.Rgg1 Rxa5 36.Bxg5 hxg5
37.f4 exf4 38.Qh5+ Qh7 39.Qf3 Ra8 40.Nc3 Qe7 41.e5 Qxe5 42.Rbe1 g4 43.Rxe5
gxf3 44.Rh5+ Kg7 45.Rxh4 Ra3 46.Ne4 Ra2 47.Rxg6+ Kxg6 48.Kg1 Bf5 49.Rxf4 Rg2+
50.Kf1 Re2 51.Rxf5 Rxe4 52.Rf8 Rxc4 53.Rd8 Kf5 54.Rxd6 Ke4 55.Rd8 Rc1+ 56.Kf2
Rc2+ 57.Kf1 Rxh2 58.d6 Rh7 59.Kf2 c4 60.Rc8 Kd3 61.Rc7 Rh4 {#R} 0-1

[Event "It (open) \"]
[Site "London (England)"]
[Round "2"]
[White "Saeed Saeed-Ahmed (UAE)"]
[Black "Nunn John D M (ENG)"]
[Result "0-1"]
[WhiteElo "2435"]
[BlackElo "2575"]

1.d4 Nf6 2.c4 g6 3.Nc3 Bg7 4.e4 d6 5.Nf3 O-O 6.Be2 Nbd7 7.O-O e5 8.d5 Nc5
9.Qc2 a5 10.Bg5 h6 11.Be3 b6 12.Nd2 h5 13.f3 h4 14.Bg5 h3 15.g4 Qd7 16.Kh1 Nh7
17.Be3 Bf6 18.b3 Qe7 19.Rg1 Bg5 20.Nf1 Bd7 21.Qd2 Kg7 22.Bxg5 Qxg5 23.Qxg5
Nxg5 24.Nd2 Kh6 25.a3 f5 26.gxf5 gxf5 27.b4 Na4 28.Nxa4 Bxa4 29.exf5 Bc2 30.b5
Bxf5 31.Rg3 Rg8 32.Rag1 Raf8 33.Bf1 Rg7 34.Be2 Bh7 35.Bf1 Bf5 36.Be2 Rff7
37.Bf1 Rg6 38.Be2 Rg8 39.Bf1 Rfg7 40.Be2 Bc2 {#R} 0-1

[Event "Ch URS (team)"]
[Site "Moscow (Russia)"]
[Round "0"]
[White "Ruban Vadim (RUS)"]
[Black "Oll Lembit (EST)"]
[Result "0-1"]
[WhiteElo "2545"]
[BlackElo "2630"]

1.d4 Nf6 2.c4 g6 3.Nc3 Bg7 4.e4 d6 5.Nf3 O-O 6.Be2 e5 7.d5 Nbd7 8.O-O Nc5
9.Qc2 a5 10.Bg5 h6 11.Be3 Ng4 12.Bxc5 dxc5 13.h3 Nf6 14.Nxe5 Nxd5 15.cxd5 Bxe5
16.f4 Bd4+ 17.Kh2 g5 18.e5 gxf4 19.Qe4 Qe7 20.e6 fxe6 21.Bc4 Bd7 22.Ne2 b5
23.Nxd4 cxd4 24.Bb3 a4 25.Bd1 e5 26.Re1 Qg5 27.d6 cxd6 28.Bc2 Kf7 29.Qb7 Ke7
30.Be4 Rab8 31.Qa7 Rbc8 32.Qb7 Rc5 33.Rad1 Rfc8 34.Kh1 Qg3 35.Rf1 R8c7 36.Qa8
Rc8 37.Qb7 Qe3 38.Bf3 Rc1 39.Kh2 Rxd1 40.Rxd1 {#R} 0-1

[Event "It (cat.8)"]
[Site "Rostock (Germany)"]
[Round "1"]
[White "Chekhov Valery A (RUS)"]
[Black "Jakat Thomas (GER)"]
[Result "1-0"]
[WhiteElo "2520"]
[BlackElo "2230"]

1.d4 Nf6 2.c4 g6 3.Nc3 Bg7 4.e4 d6 5.Be2 O-O 6.Nf3 e5 7.O-O Nbd7 8.d5 Nc5
9.Qc2 a5 10.Bg5 h6 11.Be3 b6 12.Nd2 Ng4 13.Bxg4 Bxg4 14.a3 a4 15.Bxc5 bxc5
16.Nxa4 h5 17.Nc3 Bh6 18.f3 Bd7 19.Rfe1 h4 20.Re2 h3 21.g3 f5 22.Rf1 Qg5
23.Qd3 f4 24.g4 Bxg4 25.fxg4 Qxg4+ 26.Kh1 f3 27.Nxf3 Rf7 28.Ref2 Raf8 29.Qe2
Be3 30.Qxe3 Rxf3 31.Qe2 Rxf2 32.Rxf2 Qxe2 {#r} 1-0

[Event "Zt"]
[Site "Beer-Sheva (Israel)"]
[Round "11"]
[White "Huss Andreas (SUI)"]
[Black "Lobron Eric (GER)"]
[Result "0-1"]
[WhiteElo "2308"]
[BlackElo "2525"]

1.d4 Nf6 2.Nf3 g6 3.c4 Bg7 4.Nc3 d6 5.e4 O-O 6.Be2 Nbd7 7.O-O e5 8.d5 Nc5
9.Qc2 a5 10.Bg5 h6 11.Be3 Nh5 12.g3 b6 13.Nd2 Bh3 14.Rfe1 Bd7 15.Rac1 Nf6
16.b3 Ng4 17.Bxg4 Bxg4 18.f3 Bh3 19.Nd1 Bd7 20.a3 h5 21.b4 Na6 22.bxa5 Nc5
23.axb6 cxb6 24.Qc3 f5 25.Nb2 f4 26.Bf2 Bh6 27.Rcd1 Qf6 28.Kg2 Ra7 29.Nf1 Bc8
30.Bxc5 bxc5 31.Rd3 Raf7 32.Nd1 fxg3 33.hxg3 h4 34.g4 h3+ 35.Kxh3 Bf4 36.Kg2
Rh7 37.Nf2 Qh8 38.a4 Ba6 39.a5 Rb8 40.Qc2 Rh2+ 41.Nxh2 Qxh2+ 42.Kf1 Bg3 43.Rc3
Rb3 44.Re2 Bxc4 45.Rxc4 Rxf3 {#R} 0-1

[Event "Tournament (team)"]
[Site "Villa Gesell (Argentina)"]
[Round "6"]
[White "Almada Enrique (SUI)"]
[Black "Michel Yunis Christian D (PLE)"]
[Result "1-0"]
[WhiteElo "2235"]
[BlackElo "2378"]

1.d4 Nf6 2.c4 d6 3.Nc3 e5 4.Nf3 Nbd7 5.e4 g6 6.Be2 Bg7 7.O-O O-O 8.d5 Nc5
9.Qc2 a5 10.Bg5 h6 11.Be3 b6 12.Nd2 Ng4 13.Bxg4 Bxg4 14.a3 f5 15.f3 Bh5 16.b4
f4 17.Bf2 Nd7 18.Nb5 Nf6 19.c5 Qd7 20.Qd3 bxc5 21.bxc5 g5 22.Rfc1 Rfc8 23.cxd6
cxd6 24.h3 Ne8 25.a4 Nc7 26.Nc4 Nxb5 27.Nb6 Rxc1+ 28.Rxc1 Qb7 29.Nxa8 Nd4
30.Bxd4 exd4 31.Qb5 Qxa8 32.Qd7 Kh7 33.Rc8 d3 34.Rxa8 d2 35.Rh8+ Kxh8 36.Qc8+
Be8 37.Qc2 Bd4+ 38.Kf1 Be3 39.Ke2 Kg8 40.Qc8 Kf7 41.Qc7+ {#r} 1-0

[Event "It"]
[Site "Rio Gallegos (Argentina)"]
[Round "5"]
[White "Lukov Valentin (BUL)"]
[Black "Casafus Ruben (ARG)"]
[Result "1-0"]
[WhiteElo "2420"]
[BlackElo "2350"]

1.d4 Nf6 2.c4 d6 3.Nc3 e5 4.Nf3 Nbd7 5.e4 g6 6.Be2 Bg7 7.O-O O-O 8.d5 Nc5
9.Qc2 a5 10.Bg5 h6 11.Be3 b6 12.Nd2 Bg4 13.Bxg4 Nxg4 14.Bxc5 bxc5 15.Qd3 Qe7
16.Nd1 Qd7 17.Qh3 h5 18.f3 Nf6 19.Qxd7 Nxd7 20.Kf2 Rfb8 21.Ke2 Bh6 22.Kd3 Bxd2
23.Kxd2 a4 24.Rc1 Rb4 25.Kd3 Kf8 26.Rf2 Ke7 27.Nc3 Nb6 28.Nb1 Nd7 29.Na3 Rb7
30.Nb5 Nb6 31.g3 Rab8 32.Nc3 Ra7 33.f4 Nd7 34.Nb5 Rab7 35.f5 Nf6 36.fxg6 fxg6
37.Rcf1 Rf8 38.Kc2 Nd7 39.Rxf8 Nxf8 40.b3 axb3+ 41.Kxb3 Nd7 42.a4 Nb8 43.a5
Na6 44.Kc3 Nb8 45.h3 Na6 46.Rf2 Rb8 47.Rf3 Ra8 48.Kb3 Rb8 49.Ka4 Ra8 50.Rf1
Rb8 51.Rf3 Ra8 52.g4 hxg4 53.hxg4 Rh8 54.Na7 Rh1 55.Nc6+ Ke8 56.Kb5 Nb4
57.Nxb4 Rb1 58.a6 cxb4 59.Kc6 b3 60.Kb7 b2 61.Rb3 {#r} 1-0

[Event "It \"]
[Site "Anderlecht (Belgium)"]
[Round "2"]
[White "Denijs Alex (BEL)"]
[Black "Kerkhof Philippe (BEL)"]
[Result "0-1"]
[WhiteElo "2278"]
[BlackElo "2191"]

1.Nf3 Nf6 2.c4 g6 3.Nc3 Bg7 4.e4 O-O 5.d4 d6 6.Be2 Nbd7 7.O-O e5 8.d5 Nc5
9.Qc2 a5 10.Bg5 h6 11.Be3 b6 12.Rad1 Ng4 13.Bxc5 bxc5 14.h3 Nf6 15.Ne1 Nh7
16.f4 exf4 17.Rxf4 h5 18.Rf1 Qe7 19.Nd3 Bxc3 20.Qxc3 Qxe4 21.Bf3 Qh4 22.Nf2
Bd7 23.Ne4 f5 24.Nxc5 dxc5 25.d6 c6 26.Rd5 Qf6 27.Rxc5 Qxd6 28.Rxa5 Rxa5
29.Qxa5 Qd4+ 30.Kh1 Qxc4 31.b3 Qxf1+ {#R} 0-1

[Event "Ch RLP (juniors) (under 20)"]
[Site "Rheinland-Pfalz (Germany)"]
[Round "5"]
[White "Johann Stefan (GER)"]
[Black "Laux Tino (GER)"]
[Result "1-0"]
[WhiteElo "2207"]
[BlackElo "2290"]

1.d4 Nf6 2.Nf3 g6 3.c4 Bg7 4.Nc3 d6 5.e4 O-O 6.Be2 e5 7.O-O Nbd7 8.d5 Nc5
9.Qc2 a5 10.Bg5 h6 11.Be3 Nfd7 12.Nd2 f5 13.exf5 gxf5 14.f4 Qf6 15.Kh1 Qg6
16.Rad1 Rf7 17.Nf3 Bf6 18.g4 e4 19.Nd4 fxg4 20.Bxg4 Rg7 21.Rg1 Qe8 22.Nf5 Rg6
23.Bh5 Nf8 24.Rxg6+ Nxg6 25.Nxh6+ Kh7 26.f5 Qe5 27.Bxg6+ Kg7 28.Ng4 Qe7
29.Nxf6 Kxf6 30.Bd4+ Kg5 31.Rg1+ Kh6 32.f6 {#r} 1-0

[Event "It (open)"]
[Site "Bargteheide (Germany)"]
[Round "0"]
[White "Giehring Sebastian (GER)"]
[Black "Rostalski Walter (GER)"]
[Result "0-1"]
[WhiteElo "2242"]
[BlackElo "2230"]

1.d4 Nf6 2.Nf3 g6 3.c4 Bg7 4.Nc3 O-O 5.e4 d6 6.Be2 e5 7.O-O Nbd7 8.d5 Nc5
9.Qc2 a5 10.Bg5 h6 11.Bh4 g5 12.Bg3 Nh5 13.Ne1 Nf4 14.Nd3 b6 15.b3 f5 16.Nxc5
bxc5 17.exf5 Bxf5 18.Ne4 Qe8 19.Bd3 Qg6 20.Rae1 Rf7 21.Qd2 a4 22.Bb1 axb3
23.axb3 Rb8 24.Qa2 Rbf8 25.Qd2 Rb8 26.Qa2 h5 27.f3 Rbf8 28.Qd2 Rb8 29.Qa2 Rff8
30.Nf2 Ra8 31.Bxf5 Qxf5 32.Qd2 Rfb8 33.Rb1 Rb4 34.Ne4 Rab8 35.Qc2 R4b7 36.Bf2
Kh8 37.Be3 Qg6 38.Kh1 Qf5 39.Rb2 Qg6 {#R} 0-1

[Event "?"]
[Site "corr."]
[Round "0"]
[White "Salokangas Hannu (FIN)"]
[Black "Kanko Ilkka (FIN)"]
[Result "1-0"]
[WhiteElo "2184"]
[BlackElo "2231"]

1.Nf3 Nf6 2.c4 g6 3.Nc3 Bg7 4.e4 d6 5.d4 O-O 6.Be2 e5 7.O-O Nbd7 8.d5 Nc5
9.Qc2 a5 10.Bg5 h6 11.Be3 Nh5 12.Bxc5 dxc5 13.g3 Bh3 14.Rfe1 f5 15.exf5 Bxf5
16.Ne4 Nf6 17.Bd3 Nxe4 18.Bxe4 Qe8 19.Re2 Ra6 20.Rae1 Bg4 21.Re3 Raf6 22.Qd3
h5 23.Nh4 Bh6 24.Bxg6 Bxe3 25.Rxe3 Qa4 26.Rxe5 Qxa2 27.Bh7+ Kg7 28.Rg5+ Kh8
29.Ng6+ Rxg6 30.Bxg6 Qxb2 31.Qe3 Qa1+ 32.Kg2 Bf3+ 33.Kh3 Bg4+ 34.Kh4 Qd4
35.Qxd4+ cxd4 36.Bxh5 Bf5 37.Bd1 Bb1 38.c5 Rf6 39.Rg4 d3 40.Rd4 Kg7 41.d6 cxd6
42.cxd6 Rf8 43.Ba4 Bc2 44.Bb5 {#r} 1-0

[Event "It (open)"]
[Site "Lugano (Switzerland)"]
[Round "1"]
[White "Huss Andreas (SUI)"]
[Black "Nazarenus Olaf (GER)"]
[Result "1-0"]
[WhiteElo "2308"]
[BlackElo "2046"]

1.d4 Nf6 2.Nf3 g6 3.c4 Bg7 4.Nc3 O-O 5.e4 d6 6.Be2 e5 7.d5 Nbd7 8.O-O Nc5
9.Qc2 a5 10.Bg5 h6 11.Be3 b6 12.Nd2 g5 13.a3 Ng4 14.Bxg4 Bxg4 15.b4 Nd7 16.f3
Bh5 17.g4 Bg6 18.Nb5 Nf6 19.Qd3 Qd7 20.Qe2 Rfb8 21.Nb3 c6 22.dxc6 Qxc6 23.bxa5
bxa5 24.a4 Nd7 25.Qd2 Bxe4 26.fxe4 Qxe4 27.Qe2 Ra6 28.Nd2 Qc2 29.Nc7 Rc6
30.Nd5 Re8 31.Qf3 Qg6 32.Nf6+ Nxf6 33.Qxc6 Re6 34.Qa8+ Kh7 35.Rxf6 Qxf6 36.Ne4
Qe7 37.Rb1 Qd7 38.Qb7 Qxa4 39.Qxf7 Rg6 40.Rb8 Qd1+ 41.Kf2 Qc2+ 42.Kg3 {#r} 1-0

[Event "It (open)"]
[Site "Muenster (Germany)"]
[Round "2"]
[White "Hoellmann Ludger (GER)"]
[Black "Wagner Ralf (GER)"]
[Result "1-0"]
[WhiteElo "2142"]
[BlackElo "2095"]

1.d4 Nf6 2.c4 d6 3.Nf3 g6 4.Nc3 Bg7 5.e4 O-O 6.Be2 e5 7.d5 Nbd7 8.O-O Nc5
9.Qc2 a5 10.Bg5 h6 11.Be3 b6 12.Nd2 Nh7 13.a3 f5 14.f3 f4 15.Bf2 g5 16.b4 Nb7
17.c5 bxc5 18.bxc5 Qf6 19.Nb5 Nxc5 20.Bxc5 dxc5 21.Nxc7 Rb8 22.Rab1 Rxb1
23.Rxb1 Qe7 24.Nb5 Ba6 25.d6 Qd7 26.Qxc5 Rc8 27.Bc4+ Kh8 28.Nc7 Bxc4 29.Nxc4
Rd8 30.Nxe5 Bxe5 31.Qxe5+ {#r} 1-0

[Event "It (open)"]
[Site "Val Maubuee (France)"]
[Round "0"]
[White "Picarda Laurent (FRA)"]
[Black "Lamoureux Charles (FRA)"]
[Result "0-1"]
[WhiteElo "2078"]
[BlackElo "2352"]

1.d4 Nf6 2.c4 g6 3.Nc3 Bg7 4.e4 d6 5.Nf3 O-O 6.Be2 e5 7.O-O Nbd7 8.d5 Nc5
9.Nd2 a5 10.Rb1 Ne8 11.b3 f5 12.a3 Nf6 13.f3 f4 14.b4 Na6 15.bxa5 g5 16.Nb3 h5
17.Kf2 g4 18.Ke1 Ne8 19.Kd2 Nc5 20.Nxc5 dxc5 21.fxg4 Qg5 22.h4 Qxh4 23.gxh5
Nd6 24.Kd3 Rxa5 25.Qe1 Qg5 26.Bf3 Bd7 27.Rh1 Qh6 28.Rb3 Nxc4 29.Rxb7 Qa6
30.Rxc7 Nxa3+ 31.Kd2 Nb1+ 32.Kc2 Ra2+ 33.Nxa2 Qxa2+ 34.Bb2 Na3+ 35.Kc3 Qc4+
{#R} 0-1

[Event "It (open)"]
[Site "Aviles (Spain)"]
[Round "0"]
[White "Lobo Jesus Rodriguez (ESP)"]
[Black "Garcia Del Rey Senen (ESP)"]
[Result "1-0"]
[WhiteElo "2213"]
[BlackElo "2295"]

1.d4 Nf6 2.Nf3 g6 3.c4 Bg7 4.Nc3 O-O 5.e4 d6 6.Be2 e5 7.O-O Nbd7 8.d5 a5 9.a3
Nc5 10.Nd2 Nfd7 11.Rb1 a4 12.b4 axb3 13.Nxb3 f5 14.f3 f4 15.Nxc5 Nxc5 16.a4
Bd7 17.Ra1 b6 18.Nb5 Qc8 19.Bd2 Qb7 20.Qc2 Ra6 21.Rfb1 Rfa8 22.a5 Qc8 23.Bc3
bxa5 24.Qd2 a4 25.Bd1 Bf6 26.Bb4 Nb3 27.Bxb3 axb3 28.Rxa6 Qxa6 29.Qd3 Qb6+
30.Kh1 Bxb5 31.cxb5 Ra2 32.Be1 b2 33.Qb3 Qa7 34.Rxb2 Ra3 35.Qd1 Qe3 36.Bf2 Qd3
37.Qxd3 Rxd3 38.h3 Rd1+ 39.Kh2 Rf1 40.Rc2 Rb1 41.Rxc7 Rb2 42.b6 Rxf2 43.b7 Rb2
44.Rc8+ Kf7 45.b8=Q Rxb8 46.Rxb8 Be7 47.Kg1 h5 48.Kf1 Bh4 49.Rb7+ {#r} 1-0

[Event "Ch Poland (team) (juniors) (under 18)"]
[Site "Torun (Poland)"]
[Round "3"]
[White "Babik Tomasz (POL)"]
[Black "Kaim Piotr (POL)"]
[Result "0-1"]
[WhiteElo "2224"]
[BlackElo "2269"]

1.c4 Nf6 2.Nc3 g6 3.e4 d6 4.d4 Nbd7 5.Nf3 e5 6.Be2 Bg7 7.O-O O-O 8.d5 Nc5
9.Qc2 a5 10.Bg5 h6 11.Be3 b6 12.Nd2 Nh7 13.a3 a4 14.b4 axb3 15.Nxb3 Nxb3
16.Qxb3 f5 17.f3 f4 18.Bf2 g5 19.a4 g4 20.fxg4 Qg5 21.Nb5 Rf7 22.a5 bxa5 23.c5
Bf8 24.cxd6 cxd6 25.Be1 Nf6 26.Bf3 Bxg4 27.Rxa5 Rxa5 28.Bxa5 Qg6 29.Bxg4 Nxg4
30.Qf3 Rb7 31.Nc3 Ne3 32.Rb1 Rxb1+ 33.Nxb1 Nxd5 34.exd5 Qxb1+ 35.Qf1 Qxf1+
36.Kxf1 Kf7 37.Ke2 Kf6 38.Kd3 Kf5 39.Bb4 Be7 40.Ba3 e4+ 41.Kd4 Bf6+ 42.Kc4 Be5
43.Bc1 Kg4 {#R} 0-1

[Event "It \"]
[Site "Buenos Aires (Argentina)"]
[Round "4"]
[White "Restifa Hector (ARG)"]
[Black "Yabiansky Marcelo (ARG)"]
[Result "1-0"]
[WhiteElo "2315"]
[BlackElo "2175"]

1.d4 Nf6 2.c4 g6 3.Nc3 Bg7 4.e4 d6 5.Nf3 O-O 6.Be2 e5 7.d5 Nbd7 8.O-O Nc5
9.Qc2 a5 10.Bg5 h6 11.Be3 Nh5 12.g3 Bh3 13.Rfe1 Nd7 14.Nd2 Ndf6 15.f3 Bd7
16.c5 Be8 17.Rac1 Qe7 18.cxd6 cxd6 19.Nb5 Bxb5 20.Bxb5 Nh7 21.Qc7 Qf6 22.Kg2
Ng5 23.Rf1 Nf4+ 24.Kh1 Nfh3 25.a4 h5 26.Kg2 h4 27.Bd7 hxg3 28.Bxh3 Nxh3
29.Kxh3 gxh2 30.Qd7 Kh7 31.Kxh2 Bh6 32.Qh3 {#r} 1-0

[Event "It (open)"]
[Site "Dresden (Germany)"]
[Round "0"]
[White "Jankovskis Guntis (LAT)"]
[Black "Movsziszian Karen (ARM)"]
[Result "0-1"]
[WhiteElo "2334"]
[BlackElo "2440"]

1.Nf3 Nf6 2.c4 g6 3.Nc3 Bg7 4.e4 d6 5.d4 O-O 6.Be2 Nbd7 7.O-O e5 8.d5 Nc5
9.Qc2 a5 10.Bg5 h6 11.Be3 b6 12.Nd2 Ng4 13.Bxg4 Bxg4 14.f3 Bd7 15.b3 h5 16.a3
Bf6 17.b4 Nb7 18.Nb3 a4 19.Nc1 Bg5 20.Qd2 Bxe3+ 21.Qxe3 Qe7 22.Qh6 Be8 23.Qe3
f5 24.exf5 gxf5 25.f4 e4 26.N1e2 Nd8 27.Rf3 h4 28.Rh3 Rf7 29.Nd4 Qf6 30.Nf3
Rh7 31.Qd4 Qe7 32.Ng5 Rh6 33.Re1 Nf7 34.Ne6 Nh8 35.Ne2 c5 36.bxc5 bxc5 37.Qb2
Bd7 38.Qb7 Re8 39.Ng5 Ng6 40.Rf1 Rh5 41.Re3 Rf8 42.Nh3 Rh7 43.Rb1 Rg7 44.Qb2
Nh8 45.Nc3 Nf7 46.Nd1 Nh6 47.Re1 Be8 48.Ne3 Bh5 49.Ng5 Rxg5 50.fxg5 Qxg5
51.Nf1 Bg6 52.Qc3 f4 53.Rb7 Nf7 54.Kh1 e3 55.Nxe3 fxe3 56.Rxe3 Ne5 57.Re1 Be4
58.Rb2 Nd3 {#R} 0-1

[Event "Ch World (juniors) (under 12)"]
[Site "Duisburg (Germany)"]
[Round "0"]
[White "Leroy Adrien (FRA)"]
[Black "Bakhtadze Giorgi (GEO)"]
[Result "0-1"]
[WhiteElo "2239"]
[BlackElo "2449"]

1.d4 Nf6 2.c4 g6 3.Nc3 Bg7 4.e4 d6 5.Be2 Nbd7 6.Nf3 O-O 7.O-O e5 8.d5 Nc5
9.Qc2 a5 10.Bg5 h6 11.Be3 b6 12.Ne1 Nfd7 13.Nd3 Nxd3 14.Bxd3 Nc5 15.Rab1 f5
16.exf5 gxf5 17.f4 Nxd3 18.Qxd3 e4 19.Qd2 h5 20.Bd4 Qe7 21.Rbe1 Bxd4+ 22.Qxd4
Kf7 23.Nd1 Rg8 24.Nf2 Qf6 25.Qxf6+ Kxf6 26.a4 Bd7 27.b3 Rad8 28.Nd1 Bc8 29.Ne3
h4 30.Rd1 Bd7 31.Rd2 Be8 32.Rff2 Rg7 33.Rd4 Bh5 34.Kf1 h3 35.g3 Bf3 36.Ke1 Rh8
37.Nf1 Bg2 38.Rdd2 e3 39.Nxe3 Rxg3 40.Nxg2 hxg2 41.Rxg2 Rxb3 42.Rde2 Rb1+
43.Kd2 Rb2+ 44.Kc1 Rxe2 45.Rxe2 Rh3 46.Kb2 Rf3 47.Re6+ Kf7 48.Rh6 Rxf4 49.Rh7+
Kf6 50.Rxc7 Ke5 51.Kc3 Rf3+ 52.Kd2 Ra3 53.Rc6 Rxa4 54.h4 Ra2+ 55.Kd3 Rh2
56.Rxb6 Rxh4 57.Ra6 Rh3+ 58.Kd2 Ra3 59.Ke2 Rc3 60.Rxa5 Rxc4 61.Ke3 Rc3+ 62.Kd2
Rc5 63.Ra8 Kd4 64.Ra4+ Kxd5 65.Ke3 Rc3+ 66.Kd2 Rh3 67.Ra5+ Ke4 68.Ra4+ Ke5
69.Ra5+ d5 70.Ra4 f4 71.Ke2 Rb3 72.Kf2 Rc3 73.Ke2 d4 74.Ra8 Re3+ 75.Kf2 d3
76.Re8+ Kd4 77.Rd8+ Kc3 78.Rc8+ Kd2 79.Rc4 f3 80.Ra4 Re8 81.Kxf3 Rf8+ 82.Kg3
Ke2 83.Re4+ Kd1 84.Rd4 d2 85.Rd5 Rc8 {#R} 0-1

[Event "Tournament (team)"]
[Site "Guarapuava (Brazil)"]
[Round "0"]
[White "Popovich Sviatoslav (UKR)"]
[Black "Souza Marco Andre (BRA)"]
[Result "0-1"]
[WhiteElo "2233"]
[BlackElo "2180"]

1.d4 Nf6 2.c4 g6 3.Nc3 Bg7 4.e4 d6 5.Nf3 O-O 6.Be2 e5 7.O-O Nbd7 8.d5 Nc5
9.Qc2 a5 10.b3 Nh5 11.g3 f5 12.Nd2 f4 13.g4 f3 14.Bxf3 Nf4 15.Nd1 Qh4 16.Ne3
Bh6 17.Bg2 Bxg4 18.Nf3 Nh3+ 19.Bxh3 Bxf3 20.Bg2 Bxe3 21.fxe3 Bxg2 22.Qxg2
Rxf1+ 23.Qxf1 Rf8 {#R} 0-1

[Event "Ch Europe (juniors) (g)"]
[Site "Hradec Kralove (Czech Republic)"]
[Round "0"]
[White "Aleksieva Silvia (FRA)"]
[Black "Kovalevskaya Ekaterina (RUS)"]
[Result "0-1"]
[WhiteElo "2352"]
[BlackElo "2260"]

1.Nf3 Nf6 2.c4 g6 3.Nc3 Bg7 4.e4 d6 5.d4 O-O 6.Be2 e5 7.O-O Nbd7 8.d5 Nc5
9.Nd2 Bh6 10.Qc2 a5 11.b3 Ne8 12.Rb1 f5 13.a3 Nf6 14.f3 Be3+ 15.Kh1 f4 16.Nd1
Nh5 17.g4 fxg3 18.Nxe3 Qh4 19.Rf2 gxf2 20.Ndf1 Bh3 21.Ng2 Bxg2+ 22.Kxg2 Nf4+
23.Bxf4 Rxf4 24.b4 axb4 25.axb4 Nd7 26.c5 Nf6 27.Ng3 Nh5 28.Bf1 Rf7 29.b5 Ra3
30.Rb3 Rxb3 31.Qxb3 Nf4+ 32.Kh1 Qf6 33.Qa3 h5 34.Qa8+ Kh7 35.Qxb7 h4 36.Ne2
Nxe2 37.Bxe2 Qxf3+ {#R} 0-1

[Event "Tournament"]
[Site "Netherlands"]
[Round "6"]
[White "Janssen Frans (NED)"]
[Black "Van Der Weide Karel (BEL)"]
[Result "0-1"]
[WhiteElo "2213"]
[BlackElo "2449"]

1.d4 Nf6 2.Nf3 g6 3.c4 Bg7 4.Nc3 O-O 5.e4 d6 6.Be2 e5 7.O-O Nbd7 8.d5 Nc5
9.Qc2 a5 10.Ne1 Nfd7 11.Be3 f5 12.f3 f4 13.Bf2 g5 14.Nd3 Nxd3 15.Qxd3 Rf6
16.Na4 b6 17.a3 h5 18.b4 Rg6 19.c5 bxc5 20.bxc5 g4 21.Kh1 Qg5 22.g3 fxg3
23.hxg3 Ba6 24.Qd1 gxf3 25.Bxa6 Qg4 26.Kg1 Rxa6 27.Qd3 Ra8 28.Ra2 h4 29.Be1
Rf8 30.Raf2 Qxg3+ 31.Kh1 Qg2+ {#R} 0-1

[Event "Ch Europe (juniors)"]
[Site "Rimavska Sobota (Slovakia)"]
[Round "0"]
[White "Blot Jerome (FRA)"]
[Black "Gratka Krzysztof (POL)"]
[Result "0-1"]
[WhiteElo "2336"]
[BlackElo "2302"]

1.d4 Nf6 2.Nf3 g6 3.c4 Bg7 4.Nc3 O-O 5.e4 d6 6.Be2 e5 7.O-O Nbd7 8.d5 a5 9.Ne1
Ne8 10.f3 f5 11.Be3 f4 12.Bf2 Ndf6 13.Rc1 g5 14.a3 h5 15.b4 axb4 16.axb4 g4
17.c5 Qd7 18.Qc2 Qf7 19.Nb5 Qg6 20.fxg4 hxg4 21.g3 Qxe4 22.Bc4 f3 23.Qb3 Qg6
24.Nc2 Bh6 25.Rcd1 Qh5 26.Rfe1 {#R} 0-1

[Event "It (open)"]
[Site "St. Cugat (Spain)"]
[Round "0"]
[White "Vidarte Morales Arturo (ESP)"]
[Black "Paniagua Garcia Jose Maria (ESP)"]
[Result "1-0"]
[WhiteElo "2330"]
[BlackElo "2223"]

1.e4 g6 2.d4 Bg7 3.c4 d6 4.Be2 Nf6 5.Nc3 O-O 6.Nf3 e5 7.d5 Nbd7 8.O-O Nc5
9.Qc2 a5 10.Bg5 h6 11.Be3 b6 12.Nd2 Nh7 13.a3 f5 14.f3 f4 15.Bf2 g5 16.Rab1 h5
17.b4 Nb7 18.Rfc1 g4 19.Kh1 Qg5 20.Nb5 Rf7 21.c5 bxc5 22.bxc5 g3 23.Bg1 h4
24.cxd6 h3 25.Bf1 cxd6 26.Nc7 Bf8 27.Nxa8 Nc5 28.Nc4 Nf6 29.Rb8 Ba6 30.Nab6
Rg7 31.Bxc5 dxc5 32.gxh3 Nh5 33.Qg2 Qh4 34.Nxe5 Bxf1 35.Rxf1 gxh2 36.Ng4 Ng3+
37.Kxh2 Nxf1+ 38.Qxf1 Qg3+ 39.Kh1 Qh4 40.Nc4 Rh7 41.Nce5 {#r} 1-0

[Event "Ch NRW (juniors) (under 17)"]
[Site "Telgte (Germany)"]
[Round "6"]
[White "Marxen Tobias (GER)"]
[Black "Kos Sebastian (GER)"]
[Result "0-1"]
[WhiteElo "2026"]
[BlackElo "2208"]

1.d4 Nf6 2.Nf3 g6 3.c4 Bg7 4.Nc3 O-O 5.e4 d6 6.Be2 e5 7.O-O Nbd7 8.d5 Nc5
9.Qc2 a5 10.Bg5 h6 11.Bh4 Qd7 12.Bxf6 Bxf6 13.b3 Bg7 14.Nd2 Qe7 15.a3 f5 16.f3
f4 17.b4 Nd7 18.Nb3 axb4 19.axb4 Rxa1 20.Rxa1 h5 21.Nd1 g5 22.Nf2 Nf6 23.Qd1
Bh6 24.Ra7 Kh8 25.Na5 Rg8 26.h3 g4 27.hxg4 hxg4 28.Nxb7 g3 29.Nd3 Nxd5 30.Qa1
Qh4 31.Bd1 Ne3 {#R} 0-1

[Event "Ch NRW (juniors) (under 17)"]
[Site "Telgte (Germany)"]
[Round "5"]
[White "Marxen Tobias (GER)"]
[Black "Proeschold Bernd (GER)"]
[Result "0-1"]
[WhiteElo "2026"]
[BlackElo "2036"]

1.d4 Nf6 2.Nf3 g6 3.c4 Bg7 4.Nc3 O-O 5.e4 d6 6.Be2 e5 7.O-O Nbd7 8.d5 Nc5
9.Qc2 a5 10.b3 Ng4 11.Ne1 Nh6 12.Nd3 Nxd3 13.Qxd3 f5 14.f3 f4 15.Nd1 Nf7
16.Nf2 Bf6 17.a3 Bh4 18.Nh1 c6 19.g3 Bg5 20.Nf2 fxg3 21.hxg3 Bxc1 22.Raxc1 c5
23.b4 axb4 24.axb4 cxb4 25.Qb3 Ng5 26.Kg2 Nxf3 27.Bxf3 Ra3 28.Qxb4 Rfxf3
29.Nh1 Rfb3 30.Qd2 Bg4 31.Qf2 Bf3+ 32.Kh2 Qg5 33.Ra1 Qh5+ {#R} 0-1